000 00372 a2200157 4500
001 59898
020 _a3800051753
040 _cAnchieta - Pituba
100 _aHohlbein, Wolfgang
240 1 0 _aDie zauberin von märchenmond
_lpor
245 1 0 _aDie zauberin von märchenmond
300 _a864
362 0 _a2005
650 4 _aLiteratura juvenil em alemão
942 _cBK
999 _c59898
_d59898